000 00533nab a2200145Ia 4500
003 ES-SlBCS
005 20210601144325.0
008 140529s2002 xxu||||| |||| 00| 0 spa d
041 _aspa
100 1 _aRojas, Reinaldo
_97666
245 0 0 _aEl estado docente en el debate constituyente y constitucional venezolano (1946-1999)
_c Reinaldo Rojas
650 0 4 _aEstado Docente-Educación de Masas
_9298666
773 0 _tRevista de Ciencias de la Educacion (Antes: Revista Calasancia)
_gnº. 189, 2002, págs. 39-59
_wRev1696
942 _cAR
999 _c706868
_d706868